Nosferatu eine Symphonie des Grauens = Nosferatu : symphony of horrors

Ο Χούτερ επισκέπτεται τον πύργο του Νοσφεράτου, αγνοώντας ότι πρόκειται για βρικόλακα. Ο κόμης τον παγιδεύει στον πύργο του, ώστε ανενόχλητος να κατακτήσει την Έλεν, τη σύζυγο του Χούτερ. Ελεύθερη διασκευή του "Δράκουλα" του Στόουκερ....

Πλήρης περιγραφή

Αποθηκεύτηκε σε:
Λεπτομέρειες βιβλιογραφικής εγγραφής
Άλλοι συγγραφείς: Murnau, F. W. (Friedrich Wilhelm), 1888-1931 (Διευθυντής), Schreck, Max, 1879-1936 (Ηθοποιός), Wangenheim, Gustav von, 1895-1975 (Ηθοποιός), Schnell, Georg H., 1892-1976 (Ηθοποιός), Yorck, Ruth, 1909-1966 (Ηθοποιός), Botz, Gustav, 1883-1932 (Ηθοποιός), Granach, Alexander, 1890-1945 (Ηθοποιός), Gottowt, John, 1882-1949 (Ηθοποιός)
Μορφή: Διαφάνειες
Δημοσίευση: London : British Film Institute, c2001.
Θέματα:
Ετικέτες: Προσθήκη ετικέτας
Δεν υπάρχουν, Καταχωρήστε ετικέτα πρώτοι!

MARC

LEADER 00000cgm a2200000 i 4500
001 1/39452
008 061218s2001 enk||| | | ||zxx||
035 |l 10086594 
040 |a GR-MyUa  |b gre  |e AACR2 
041 0 |g eng 
082 7 |a 791.437   |2 (22) 
245 0 0 |a Nosferatu   |h [μαγνητοσκόπηση]   |b eine Symphonie des Grauens = Nosferatu : symphony of horrors /   |c director F. W. Murnau. 
246 1 |i Παράλληλος τίτλος:   |a Nosferatu :   |h symphony of horrors 
260 |a London :   |b British Film Institute,   |c c2001. 
300 |a 1 βιντεοδίσκος (89 λεπτ.) :   |b βουβή, ασπρομ. ;   |c 4 3/4 ίν. 
500 |a Κυκλοφόρησε πρώτη φορά ως κινηματογραφική ταινία το 1922. 
508 |a Παραγωγοί, Albin Grau, Enrico Diekmann ; σενάριο, Henik Galeen ; καμεραμάν, Fritz Arno Wagner ; βοηθός κάμερα, Gunther Krampf ; σχεδιασμός και κοστούμια, Albin Grau. 
511 0 |a Max Schreck, Gustav von Wangenheim, Greta Schroeder, Georg Heinrich Schnell, Ruth Landshoff, Gustav Botz, Alexander Granach, John Gottowt. 
520 8 |a Ο Χούτερ επισκέπτεται τον πύργο του Νοσφεράτου, αγνοώντας ότι πρόκειται για βρικόλακα. Ο κόμης τον παγιδεύει στον πύργο του, ώστε ανενόχλητος να κατακτήσει την Έλεν, τη σύζυγο του Χούτερ. Ελεύθερη διασκευή του "Δράκουλα" του Στόουκερ. 
546 |a Βουβή ταινία με μουσική και λεζάντες στα αγγλικά. 
600 1 0 |a Dracula,   |c Count (Fictitious character)  |v Drama. 
655 4 |a Silent films. 
700 1 |a Murnau, F. W.   |q (Friedrich Wilhelm),   |d 1888-1931,  |e drt 
700 1 |a Schreck, Max,   |d 1879-1936,  |e act 
700 1 |a Wangenheim, Gustav von,   |d 1895-1975,  |e act 
700 1 |a Schnell, Georg H.,   |d 1892-1976,  |e act 
700 1 |a Yorck, Ruth,   |d 1909-1966,  |e act 
700 1 |a Botz, Gustav,   |d 1883-1932,  |e act 
700 1 |a Granach, Alexander,   |d 1890-1945,  |e act 
700 1 |a Gottowt, John,   |d 1882-1949,  |e act 
852 |a INST  |b SYROS  |c AV  |e 20061218  |h 791.437 MUR  |p 005500004512  |q 005500004512  |t DVD  |y 23 
901 |a BIBL5-2006-1 
920 |a ΑΝΑΜΟΡΦΩΣΗ  |b ΕΠΕΑΕΚ ΙΙ-ΤΜΣΠΣ  |y Σύρος  |z 2006-06 
970 |a Τσουκαλά  |b Αλίκη  |z 18/12/2006